[Event "21st 4NCL Congress"]
[Site "Harrogate"]
[Date "2019.01.19"]
[Round "2"]
[Board "16"]
[White "Scott, Luke"]
[Black "Cusick, Peter W"]
[Result "0-1"]
[WhiteElo "1837"]
[BlackElo "1969"]
[PlyCount "92"]
[EventDate "2019.01.18"]
[EventRounds "5"]
[EventCountry "ENG"]

1. d4 d5 2. c4 e6 3. Nc3 Nf6 4. cxd5 exd5 5. Bg5 c6 6. e3 Nbd7 7. Bd3 Be7 8.
Nge2 O-O 9. Qc2 h6 10. Bh4 Re8 11. f3 c5 12. O-O a6 13. Rfe1 b5 14. a3 Qb6 15.
Rad1 Bb7 16. Bf2 Rac8 17. Qd2 cxd4 18. Nxd4 Ne5 19. Nf5 Bf8 20. Bf1 Qd8 21. Bh4
Qb6 22. Bf2 Qc6 23. Nd4 Qd7 24. Bg3 Rcd8 25. Rc1 Nc4 26. Bxc4 dxc4 27. Red1 Bc5
28. Nce2 Bb6 29. e4 Qe7 30. Qc2 Nd7 31. Kh1 Ne5 32. Nf5 Qc5 33. Qc3 f6 34. Nf4
Bc8 35. Rxd8 Rxd8 36. Ne3 Nd3 37. Rc2 Nxf4 38. Bxf4 Rd3 39. Qe1 g5 40. Ng4 gxf4
41. Nxf6+ Kf7 42. Nd5 Bc7 43. Nxc7 Qxc7 44. e5 Ke6 45. h4 Qf7 46. Qg1 Qe7  0-1

[Event "21st 4NCL Congress"]
[Site "Harrogate"]
[Date "2019.01.19"]
[Round "2"]
[Board "17"]
[White "Funnell, Cameron"]
[Black "De Coverly, Roger D"]
[Result "0-1"]
[WhiteElo "1637"]
[BlackElo "1938"]
[PlyCount "81"]
[EventDate "2019.01.18"]
[EventRounds "5"]
[EventCountry "ENG"]

1. e4 e5 2. Nf3 Nc6 3. Bb5 a6 4. Ba4 Nf6 5. O-O Be7 6. Re1 b5 7. Bb3 O-O 8. c3
d5 9. exd5 Nxd5 10. d4 exd4 11. Nxd4 Nxd4 12. Qxd4 Bb7 13. Nd2 c5 14. Qg4 Nf6
15. Qf5 g6 16. Qh3 Re8 17. Nf3 c4 18. Bc2 Bc8 19. Qh6 Ng4 20. Qf4 Bc5 21. Be3
Nxe3 22. fxe3 Qb6 23. Nd4 Ra7 24. Re2 Rae7 25. Rae1 Bb7 26. Kh1 Be4 27. h4 Bxc2
28. Nxc2 Re4 29. Qf2 Qd8 30. g3 h5 31. Nd4 Qe7 32. Kg2 Bd6 33. Nf3 Rg4 34. e4
Bxg3 35. Qxg3 Rxg3+ 36. Kxg3 Qe6 37. Rg1 Rd8 38. Nd4 Qg4+ 39. Kf2 Qxh4+ 40. Kf3
b4 41. e5  0-1

[Event "21st 4NCL Congress"]
[Site "Harrogate"]
[Date "2019.01.19"]
[Round "2"]
[Board "18"]
[White "Garnett, John S"]
[Black "Bennett, Eric"]
[Result "1/2-1/2"]
[WhiteElo "1914"]
[BlackElo "1845"]
[PlyCount "78"]
[EventDate "2019.01.18"]
[EventRounds "5"]
[EventCountry "ENG"]

1. d4 d6 2. Nf3 Nd7 3. Bf4 c6 4. e4 g6 5. c3 Bg7 6. Bd3 Qb6 7. Qc2 c5 8. Be3
Ngf6 9. O-O Ng4 10. dxc5 Nxc5 11. Bd4 e5 12. Bxc5 Qxc5 13. Nbd2 O-O 14. Rad1 a6
15. h3 Nh6 16. Nc4 b5 17. Ne3 Bb7 18. Qb3 Rfd8 19. Bb1 a5 20. Nd5 a4 21. Qb4 f5
22. Qxc5 dxc5 23. Nc7 Rxd1 24. Rxd1 Rb8 25. exf5 Bxf3 26. gxf3 Nxf5 27. Ne6 c4
28. Rd7 Bf6 29. a3 Nh4 30. Be4 Nf5 31. Nc7 Ne7 32. Nd5 Nxd5 33. Bxd5+ Kh8 34.
Rb7 Rxb7 35. Bxb7 Bg5 36. Bc6 Bc1 37. Bxb5 Bxb2 38. Bxa4 Bxc3 39. Bb5 Bb2
 1/2-1/2

[Event "21st 4NCL Congress"]
[Site "Harrogate"]
[Date "2019.01.19"]
[Round "3"]
[Board "1"]
[White "Wall, Tim P"]
[Black "Gormally, Daniel W"]
[Result "0-1"]
[WhiteElo "2240"]
[BlackElo "2481"]
[PlyCount "54"]
[EventDate "2019.01.18"]
[EventRounds "5"]
[EventCountry "ENG"]

1. d4 Nf6 2. Bg5 e6 3. Nf3 h6 4. Bh4 c5 5. e3 cxd4 6. exd4 Be7 7. Bd3 b6 8.
Bxf6 Bxf6 9. Qe2 Bb7 10. Nbd2 Qc7 11. c3 Nc6 12. Ba6 Bxa6 13. Qxa6 O-O 14. O-O
Rab8 15. a4 Qb7 16. Qxb7 Rxb7 17. Ne4 Be7 18. d5 exd5 19. Ng3 g6 20. Rfd1 b5
21. a5 b4 22. Rxd5 bxc3 23. bxc3 Rfb8 24. Nd2 d6 25. Nge4 Rb5 26. c4 Rb2 27.
Kf1 f5  0-1

[Event "21st 4NCL Congress"]
[Site "Harrogate"]
[Date "2019.01.19"]
[Round "3"]
[Board "2"]
[White "Sumit, Kumar"]
[Black "Merry, Alan B"]
[Result "1/2-1/2"]
[WhiteElo "2219"]
[BlackElo "2434"]
[PlyCount "66"]
[EventDate "2019.01.18"]
[EventRounds "5"]
[EventCountry "ENG"]

1. e4 e6 2. d3 c5 3. Nf3 d5 4. Nbd2 g6 5. g3 Bg7 6. Bg2 Ne7 7. O-O Nbc6 8. Re1
O-O 9. c3 h6 10. h4 e5 11. exd5 Nxd5 12. Qb3 Nde7 13. Nc4 Qc7 14. Be3 b6 15.
Nfxe5 Nxe5 16. Bxa8 Nxd3 17. Be4 Nxe1 18. Bf4 Qd8 19. Rd1 Bd7 20. Rxe1 Be6 21.
Qa4 Nc8 22. Rd1 Qe7 23. Nd6 Bg4 24. Nxc8 Rxc8 25. f3 Be6 26. Bd6 Qe8 27. Qxa7
Qb5 28. Rd2 f5 29. Bb7 Rd8 30. Ba6 Qc6 31. Bb7 Qb5 32. Ba6 Qc6 33. Bb7 Qb5
 1/2-1/2

[Event "21st 4NCL Congress"]
[Site "Harrogate"]
[Date "2019.01.19"]
[Round "3"]
[Board "3"]
[White "Wells, Peter K"]
[Black "Willow, Jonah B"]
[Result "1-0"]
[WhiteElo "2405"]
[BlackElo "2218"]
[PlyCount "53"]
[EventDate "2019.01.18"]
[EventRounds "5"]
[EventCountry "ENG"]

1. Nf3 c5 2. c4 Nc6 3. Nc3 Nf6 4. e3 g6 5. d4 cxd4 6. exd4 d5 7. cxd5 Nxd5 8.
Qb3 e6 9. Bg5 Be7 10. Bh6 Bf8 11. Bxf8 Kxf8 12. Bb5 Kg7 13. Bxc6 bxc6 14. O-O
Qb6 15. Rfc1 Nf4 16. Qc2 Ba6 17. Qe4 Nd3 18. Na4 Qb5 19. Nc5 Nxc1 20. Qe5+ f6
21. Qc7+ Kh6 22. Qf4+ Kg7 23. Nxe6+ Kf7 24. Qc7+ Kxe6 25. Rxc1 Rhc8 26. Re1+
Qe2 27. d5+  1-0

[Event "21st 4NCL Congress"]
[Site "Harrogate"]
[Date "2019.01.19"]
[Round "3"]
[Board "4"]
[White "Webster, Richard J"]
[Black "Arkell, Keith C"]
[Result "0-1"]
[WhiteElo "1953"]
[BlackElo "2460"]
[PlyCount "58"]
[EventDate "2019.01.18"]
[EventRounds "5"]
[EventCountry "ENG"]

1. d4 Nf6 2. c4 e6 3. Nc3 Bb4 4. e3 O-O 5. Bd3 d5 6. Nf3 b6 7. a3 Bxc3+ 8. bxc3
Ba6 9. cxd5 Bxd3 10. Qxd3 exd5 11. O-O Nc6 12. Nd2 Na5 13. f3 c6 14. Bb2 Ne8
15. e4 Nd6 16. Rae1 Ndc4 17. Nxc4 Nxc4 18. Bc1 Qd7 19. Re2 Rae8 20. e5 f5 21.
f4 b5 22. a4 a5 23. Ra2 Rb8 24. Qc2 Rb7 25. Bd2 Rfb8 26. Rfa1 Qf7 27. Be1 Qh5
28. Qd3 bxa4 29. Rxa4 Nb2  0-1

[Event "21st 4NCL Congress"]
[Site "Harrogate"]
[Date "2019.01.19"]
[Round "3"]
[Board "5"]
[White "Doran, Chris"]
[Black "Middleton, Tom"]
[Result "1-0"]
[WhiteElo "1950"]
[BlackElo "1970"]
[PlyCount "59"]
[EventDate "2019.01.18"]
[EventRounds "5"]
[EventCountry "ENG"]

1. e4 c5 2. Nf3 Nc6 3. d4 cxd4 4. Nxd4 e5 5. Nb5 d6 6. N1c3 a6 7. Na3 Nf6 8.
Bg5 Be7 9. Bxf6 Bxf6 10. Nc4 Be7 11. Nd5 b5 12. Nxe7 Kxe7 13. Ne3 Be6 14. Be2
Qa5+ 15. c3 b4 16. O-O bxc3 17. bxc3 Rab8 18. Bg4 Qc5 19. Bxe6 fxe6 20. Qg4 g6
21. h3 Rbf8 22. Rab1 Na5 23. Rb2 Rf4 24. Qg5+ Kd7 25. Rd1 Rhf8 26. Ng4 Kc6 27.
Qe7 R4f7 28. Rxd6+ Qxd6 29. Rb6+ Kxb6 30. Qxd6+  1-0

[Event "21st 4NCL Congress"]
[Site "Harrogate"]
[Date "2019.01.19"]
[Round "3"]
[Board "6"]
[White "Quader, Zia Mohammed"]
[Black "McQuillan, Stephen G"]
[Result "1/2-1/2"]
[WhiteElo "2160"]
[BlackElo "1986"]
[PlyCount "46"]
[EventDate "2019.01.18"]
[EventRounds "5"]
[EventCountry "ENG"]

1. e4 e5 2. Nf3 Nf6 3. Nc3 Bb4 4. a3 Bxc3 5. dxc3 Nc6 6. Bg5 h6 7. Bxf6 Qxf6 8.
Bc4 d6 9. Qd3 Be6 10. Nd2 O-O-O 11. O-O g5 12. b4 Ne7 13. Nb3 d5 14. exd5 Bxd5
15. Bxd5 Nxd5 16. c4 Nf4 17. Qe4 Qg6 18. Qxg6 Nxg6 19. Rfe1 b6 20. g3 Rhe8 21.
Rad1 f5 22. c5 Rxd1 23. Rxd1 Rd8  1/2-1/2

[Event "21st 4NCL Congress"]
[Site "Harrogate"]
[Date "2019.01.19"]
[Round "3"]
[Board "7"]
[White "Cusick, Peter W"]
[Black "Jarmany, John"]
[Result "0-1"]
[WhiteElo "1969"]
[BlackElo "2109"]
[PlyCount "110"]
[EventDate "2019.01.18"]
[EventRounds "5"]
[EventCountry "ENG"]

1. d4 d5 2. Nf3 Nc6 3. g3 Bg4 4. Nbd2 Qd7 5. Bg2 e6 6. O-O Bd6 7. c4 Be7 8. Qa4
Nf6 9. c5 O-O 10. b4 Nxd4 11. Qxd7 Nxe2+ 12. Kh1 Nxd7 13. Bb2 Bf6 14. Bxf6 Nxf6
15. a4 Bxf3 16. Nxf3 Nc3 17. Ra3 Nce4 18. Ne5 h5 19. f3 Ng5 20. f4 Nge4 21. f5
exf5 22. Rxf5 Rfe8 23. Nd3 Rad8 24. b5 g6 25. Rf1 Ng4 26. Kg1 Ne3 27. Rf4 Nxg2
28. Kxg2 Nd2 29. Rf2 Nc4 30. Ra1 Re4 31. Kh3 Ne3 32. c6 b6 33. a5 Ng4 34. Rd2
g5 35. axb6 axb6 36. Nf2 Rb4 37. Ra7 Rc8 38. Raa2 Ne3 39. Rd3 Re8 40. Ra7 Rb2
41. Nd1 Nxd1 42. Rxd1 Re5 43. Rh1 Re7 44. Ra8+ Kg7 45. Rd8 Rxb5 46. Rd7 Kf8 47.
Rd8+ Kg7 48. Rd7 Re6 49. Rxc7 Rc5 50. Rd7 Rexc6 51. Rf1 Rf6 52. Rxf6 Kxf6 53.
Rd6+ Ke5 54. Rxb6 d4 55. g4 d3  0-1

[Event "21st 4NCL Congress"]
[Site "Harrogate"]
[Date "2019.01.19"]
[Round "3"]
[Board "8"]
[White "Surtees, Mike J"]
[Black "Vickery, Jim E"]
[Result "1-0"]
[WhiteElo "2105"]
[BlackElo "1965"]
[PlyCount "51"]
[EventDate "2019.01.18"]
[EventRounds "5"]
[EventCountry "ENG"]

1. e4 Nf6 2. d3 e5 3. f4 Nc6 4. fxe5 Nxe5 5. Nf3 d6 6. Be2 Bg4 7. O-O Be7 8.
Be3 Bxf3 9. gxf3 d5 10. d4 Ng6 11. Nc3 c6 12. Kh1 Bb4 13. e5 Nd7 14. Qd3 Ne7
15. Nd1 f5 16. c3 Ba5 17. Bg5 Rf8 18. Ne3 g6 19. Ng2 Rg8 20. b4 Bc7 21. Nf4 Nf8
22. c4 Qd7 23. Bxe7 Kxe7 24. cxd5 cxd5 25. Qb3 Rd8 26. Nxd5+  1-0

[Event "21st 4NCL Congress"]
[Site "Harrogate"]
[Date "2019.01.19"]
[Round "3"]
[Board "9"]
[White "Starley, Robert"]
[Black "De Coverly, Roger D"]
[Result "1-0"]
[WhiteElo "2093"]
[BlackElo "1938"]
[PlyCount "53"]
[EventDate "2019.01.18"]
[EventRounds "5"]
[EventCountry "ENG"]

1. e4 e5 2. Nc3 Nc6 3. Bc4 Nf6 4. d3 Bc5 5. f4 d6 6. Nf3 a6 7. a4 Bg4 8. h3
Bxf3 9. Qxf3 exf4 10. Bxf4 Nd4 11. Qd1 c6 12. Bg5 Qb6 13. Rb1 Nd7 14. Rf1 f6
15. Bh4 O-O-O 16. Kd2 Ne5 17. Ba2 Qa5 18. Bf2 Qb4 19. Kc1 Rhe8 20. Ra1 Kb8 21.
Kb1 Ne6 22. Be1 Qb6 23. a5 Qc7 24. Bxe6 Rxe6 25. d4 Nc4 26. Qd3 Nxa5 27. Bg3
 1-0

[Event "21st 4NCL Congress"]
[Site "Harrogate"]
[Date "2019.01.19"]
[Round "3"]
[Board "10"]
[White "Somton, Anita"]
[Black "Shaw, Peter"]
[Result "0-1"]
[WhiteElo "1816"]
[BlackElo "2089"]
[PlyCount "70"]
[EventDate "2019.01.18"]
[EventRounds "5"]
[EventCountry "ENG"]

1. d4 e6 2. Nf3 f5 3. e3 Nf6 4. Be2 b6 5. O-O Bb7 6. c4 Be7 7. Nc3 O-O 8. b3
Qe8 9. Bb2 Qg6 10. d5 Na6 11. a3 Nc5 12. b4 Nce4 13. Nxe4 fxe4 14. Ne5 Qf5 15.
dxe6 Qxe6 16. Rc1 d6 17. Ng4 Nd7 18. h3 Qg6 19. Qb3 Kh8 20. Bd4 h5 21. Nh2 Rf5
22. Kh1 Raf8 23. f4 exf3 24. Bxf3 Bxf3 25. Nxf3 Bf6 26. Qb2 Be5 27. Qe2 Qg3 28.
Bxe5 dxe5 29. e4 Rf4 30. Nh2 g6 31. Rf3 Rxf3 32. Nxf3 Nf6 33. Rf1 h4 34. Qe1
Nh5 35. Kg1 Rxf3  0-1

[Event "21st 4NCL Congress"]
[Site "Harrogate"]
[Date "2019.01.19"]
[Round "3"]
[Board "11"]
[White "Palucha, Szymon"]
[Black "Gardiner, Eric D"]
[Result "0-1"]
[WhiteElo "2010"]
[BlackElo "1926"]
[PlyCount "86"]
[EventDate "2019.01.18"]
[EventRounds "5"]
[EventCountry "ENG"]

1. e4 d6 2. d4 Nf6 3. Nc3 e5 4. Nf3 Nbd7 5. Bc4 Be7 6. O-O O-O 7. Re1 c6 8. a4
a5 9. Bg5 h6 10. Bh4 Nh5 11. Bxe7 Qxe7 12. Qd2 Nb6 13. Bb3 Bg4 14. Re3 Nf4 15.
Kh1 Bxf3 16. Rxf3 Ne6 17. Bxe6 Qxe6 18. d5 cxd5 19. exd5 Qg4 20. b3 Rac8 21.
Rd1 Rc5 22. Rg3 Qf4 23. Qxf4 exf4 24. Rgd3 Re8 25. h4 Kf8 26. R1d2 Re5 27. Nb5
Ke7 28. c4 Rc8 29. Rd4 g5 30. f3 Nd7 31. Re4 Rxe4 32. fxe4 Nc5 33. Nd4 Kf6 34.
Re2 Re8 35. Kg1 Rxe4 36. Rxe4 Nxe4 37. hxg5+ hxg5 38. Kf1 g4 39. Ke2 Ke5 40.
Nb5 Nc5 41. Na7 Nxb3 42. Kd3 Nc5+ 43. Ke2 Nxa4  0-1

[Event "21st 4NCL Congress"]
[Site "Harrogate"]
[Date "2019.01.19"]
[Round "3"]
[Board "12"]
[White "Burnett, Jim"]
[Black "Wynarczyk, Raymond"]
[Result "1/2-1/2"]
[WhiteElo "1991"]
[BlackElo "1894"]
[PlyCount "31"]
[EventDate "2019.01.18"]
[EventRounds "5"]
[EventCountry "ENG"]

1. d4 d5 2. c4 e6 3. Nc3 Nf6 4. Bg5 c5 5. cxd5 Qb6 6. dxe6 cxd4 7. Bxf6 gxf6 8.
exf7+ Kxf7 9. Ne4 Qxb2 10. Qb3+ Qxb3 11. axb3 Be6 12. Nd2 Bb4 13. Rb1 Bf5 14.
Ra1 Be6 15. Rb1 Bf5 16. Ra1  1/2-1/2

[Event "21st 4NCL Congress"]
[Site "Harrogate"]
[Date "2019.01.19"]
[Round "3"]
[Board "13"]
[White "Nicholson, Jim Wr"]
[Black "Ther, Mate"]
[Result "0-1"]
[WhiteElo "1991"]
[BlackElo "1806"]
[PlyCount "140"]
[EventDate "2019.01.18"]
[EventRounds "5"]
[EventCountry "ENG"]

1. d4 f5 2. Nf3 Nf6 3. h3 g6 4. g4 d6 5. gxf5 Bxf5 6. Bf4 Bg7 7. Nbd2 O-O 8. c3
Nbd7 9. Qb3+ Kh8 10. e3 Ne4 11. Bg2 e5 12. Bh2 exd4 13. cxd4 Qe7 14. O-O Rab8
15. Nxe4 Bxe4 16. Nd2 Bxg2 17. Kxg2 Bxd4 18. exd4 Qg5+ 19. Bg3 Qxd2 20. Rad1
Qg5 21. Rc1 Qa5 22. Qc4 Rbc8 23. Qe6 Nf6 24. Rc2 Qd5+ 25. Qxd5 Nxd5 26. Rfc1
Rf6 27. a3 Re8 28. Rd2 c6 29. Rcd1 Nf4+ 30. Kh2 Nd5 31. Kg2 Rfe6 32. Kf1 Nf6
33. Rd3 Ne4 34. Kg2 Nxg3 35. Kxg3 Kg7 36. d5 cxd5 37. Rxd5 Rd8 38. b4 Kf7 39.
h4 Ke7 40. Rc1 Kd7 41. Rc3 Rc8 42. Rf3 Ke7 43. h5 Re5 44. Rxe5+ dxe5 45. hxg6
hxg6 46. Re3 Kf6 47. f4 exf4+ 48. Kxf4 Rc4+ 49. Kg3 Kf5 50. Kf3 g5 51. Kg3 b6
52. Kf3 g4+ 53. Kg3 Rc1 54. Rb3 Rg1+ 55. Kf2 Rh1 56. Rd3 Rh2+ 57. Kg1 Rh3 58.
Rd5+ Ke4 59. Rg5 Kf4 60. Rg7 Rxa3 61. Rc7 Kg3 62. Kf1 a6 63. Rc6 b5 64. Rh6 Ra4
65. Rf6 Rxb4 66. Rxa6 Rb2 67. Ra3+ Kh2 68. Ra7 Rb1+ 69. Kf2 g3+ 70. Kf3 Rb3+
 0-1

[Event "21st 4NCL Congress"]
[Site "Harrogate"]
[Date "2019.01.19"]
[Round "3"]
[Board "14"]
[White "Bennett, Eric"]
[Black "Wells, Jonathan C"]
[Result "1/2-1/2"]
[WhiteElo "1845"]
[BlackElo "1978"]
[PlyCount "110"]
[EventDate "2019.01.18"]
[EventRounds "5"]
[EventCountry "ENG"]

1. c4 c5 2. b3 Nc6 3. Bb2 Nf6 4. e3 e6 5. d4 cxd4 6. exd4 d5 7. c5 Be7 8. Nf3
O-O 9. a3 a5 10. Bd3 b6 11. Qc2 h6 12. Nbd2 Ba6 13. Bxa6 Rxa6 14. O-O Nd7 15.
Qd3 Qc8 16. cxb6 Rxb6 17. Rac1 Qb7 18. Rc2 Ncb8 19. Rfc1 Rc6 20. Rxc6 Nxc6 21.
Qc2 Rc8 22. g3 Na7 23. Qd1 Rc6 24. Rxc6 Qxc6 25. Kg2 Nb5 26. a4 Na7 27. Qb1 Bb4
28. Qd3 Nc8 29. Ne5 Nxe5 30. dxe5 Ne7 31. Nf3 Qc5 32. Bd4 Qc6 33. Qb5 Kf8 34.
Bb6 Qxb5 35. axb5 Ke8 36. Nd4 Kd7 37. Nc2 Bc3 38. f4 f6 39. exf6 gxf6 40. Kf3
e5 41. Bc5 d4 42. Bxe7 Kxe7 43. fxe5 fxe5 44. Ke4 Kd6 45. Na3 Kc5 46. b6 Kxb6
47. Nc4+ Kb5 48. Nxe5 Kb4 49. Nc6+ Kxb3 50. Nxa5+ Bxa5 51. Kxd4 Kc2 52. Ke4 Kd2
53. Kf3 Ke1 54. h4 Bd2 55. g4 Kf1  1/2-1/2

[Event "21st 4NCL Congress"]
[Site "Harrogate"]
[Date "2019.01.19"]
[Round "3"]
[Board "15"]
[White "Sheppard, Derek A"]
[Black "Garnett, John S"]
[Result "1/2-1/2"]
[WhiteElo "1720"]
[BlackElo "1914"]
[PlyCount "115"]
[EventDate "2019.01.18"]
[EventRounds "5"]
[EventCountry "ENG"]

1. c4 e5 2. Nc3 Nc6 3. g3 g6 4. Bg2 Bg7 5. Rb1 d6 6. b4 f5 7. b5 Nce7 8. Qc2
Nf6 9. d3 O-O 10. e3 c6 11. bxc6 bxc6 12. Nge2 Qc7 13. O-O Bd7 14. Ba3 Rab8 15.
Rxb8 Rxb8 16. Rb1 Nc8 17. Rb3 Rxb3 18. Qxb3 Be6 19. Qb4 Bf8 20. Qa4 Bd7 21. Qb3
Qb6 22. Bb4 c5 23. Nd5 Nxd5 24. Bxd5+ Kg7 25. Bc3 Be7 26. Nf4 Bf6 27. Ne2 Qc7
28. Qb2 Nb6 29. Bg2 Na4 30. Qb3 Nxc3 31. Nxc3 Be6 32. Nd5 Qa5 33. Qb7+ Bf7 34.
Nxf6 Kxf6 35. Bd5 Bxd5 36. Qxd5 Qb6 37. Kg2 g5 38. Qa8 Qc7 39. Qf8+ Kg6 40.
Qg8+ Qg7 41. Qe6+ Qf6 42. Qg8+ Kh6 43. Qa8 Qe7 44. Qd5 f4 45. h3 fxe3 46. fxe3
Kg7 47. g4 Qd7 48. Kg3 h6 49. Qf3 Qf7 50. Qxf7+ Kxf7 51. e4 Ke7 52. Kf3 Kd7 53.
Ke3 Kc6 54. Kd2 Kb6 55. Kc3 Ka5 56. Kb3 Kb6 57. Kc3 a6 58. a4  1/2-1/2

[Event "21st 4NCL Congress"]
[Site "Harrogate"]
[Date "2019.01.19"]
[Round "3"]
[Board "16"]
[White "Simpson, Derek"]
[Black "Hymer, Barry J"]
[Result "0-1"]
[WhiteElo "1679"]
[BlackElo "1886"]
[PlyCount "70"]
[EventDate "2019.01.18"]
[EventRounds "5"]
[EventCountry "ENG"]

1. e4 g6 2. Bc4 Bg7 3. c3 e6 4. d3 Ne7 5. Bg5 h6 6. Be3 d5 7. Bb3 O-O 8. Ne2 b6
9. Nd2 Bb7 10. Bc2 c5 11. d4 Nd7 12. e5 Rc8 13. f4 Nf5 14. Bxf5 exf5 15. Nf3
Re8 16. O-O Nf8 17. Qd2 Ne6 18. Kf2 Bf8 19. Rg1 Be7 20. g4 fxg4 21. Rxg4 Kh7
22. Rag1 Ng7 23. h4 h5 24. Ng5+ Bxg5 25. Rxg5 Nf5 26. Qd3 Qd7 27. Ng3 Nxe3 28.
Nxh5 Rc6 29. Kxe3 cxd4+ 30. Kf2 Kh8 31. cxd4 Rec8 32. Nf6 Rxf6 33. exf6 Qa4 34.
Qf3 Qxd4+ 35. Kg3 Qxg1+  0-1

[Event "21st 4NCL Congress"]
[Site "Harrogate"]
[Date "2019.01.19"]
[Round "3"]
[Board "17"]
[White "Holliday, John K"]
[Black "Winter, Kevin"]
[Result "1/2-1/2"]
[WhiteElo "1878"]
[BlackElo "1746"]
[PlyCount "101"]
[EventDate "2019.01.18"]
[EventRounds "5"]
[EventCountry "ENG"]

1. e4 d6 2. d4 Nf6 3. Nf3 Nbd7 4. Bd3 e5 5. dxe5 dxe5 6. Nc3 c6 7. Bg5 Be7 8.
O-O Qc7 9. Ne2 h6 10. Be3 Nc5 11. Ng3 O-O 12. Nh4 Ng4 13. Nhf5 Nxe3 14. fxe3
Nxd3 15. cxd3 Bxf5 16. Nxf5 Kh7 17. Qg4 Rg8 18. Nxe7 Qxe7 19. Qf5+ Kh8 20. Qxf7
Qxf7 21. Rxf7 Rgd8 22. Rd1 Kg8 23. Rxb7 Rd6 24. d4 exd4 25. e5 Rd5 26. exd4 c5
27. e6 Re8 28. Rb5 Rxe6 29. Rxc5 Rd7 30. d5 Re5 31. Rc8+ Kf7 32. d6 Re2 33. Rc7
Ke6 34. Kf1 Re5 35. Rxd7 Kxd7 36. b4 a5 37. bxa5 Rxa5 38. Rd2 Ra3 39. g3 Rf3+
40. Ke2 Ra3 41. Kd1 Rc3 42. Rc2 Ra3 43. Rc7+ Kxd6 44. Rxg7 Rxa2 45. Rg6+ Ke5
46. Rxh6 Ke4 47. g4 Kd3 48. Rd6+ Ke3 49. h4 Rh2 50. h5 Rg2 51. g5  1/2-1/2

[Event "21st 4NCL Congress"]
[Site "Harrogate"]
[Date "2019.01.19"]
[Round "3"]
[Board "18"]
[White "Scott, Luke"]
[Black "Dobson, Graham W"]
[Result "1/2-1/2"]
[WhiteElo "1837"]
[BlackElo "1867"]
[PlyCount "48"]
[EventDate "2019.01.18"]
[EventRounds "5"]
[EventCountry "ENG"]

1. d4 Nf6 2. c4 c5 3. d5 e6 4. Nc3 exd5 5. cxd5 d6 6. e4 g6 7. h3 Bg7 8. Nf3
O-O 9. Bd3 b5 10. Nxb5 Nxe4 11. O-O Qb6 12. a4 a6 13. Na3 Nf6 14. Nc4 Qc7 15.
Bf4 Ne8 16. a5 Nd7 17. Re1 Bb7 18. Be4 Ndf6 19. Nb6 Rd8 20. Qd2 Nxe4 21. Rxe4
Nf6 22. Re2 Rfe8 23. Rae1 Rxe2 24. Rxe2 Re8  1/2-1/2

[Event "21st 4NCL Congress"]
[Site "Harrogate"]
[Date "2019.01.20"]
[Round "4"]
[Board "13"]
[White "Wells, Jonathan C"]
[Black "Holliday, John K"]
[Result "1-0"]
[WhiteElo "1978"]
[BlackElo "1878"]
[PlyCount "73"]
[EventDate "2019.01.18"]
[EventRounds "5"]
[EventCountry "ENG"]

1. d4 d5 2. c4 e6 3. Nf3 c6 4. e3 Nf6 5. b3 Bb4+ 6. Nbd2 Nbd7 7. Bb2 O-O 8. Bd3
Ne4 9. O-O Ndf6 10. a3 Bd6 11. c5 Bc7 12. Rc1 Bd7 13. Nb1 Ng4 14. h3 Ngxf2 15.
Rxf2 Nxf2 16. Kxf2 f5 17. Kg1 Rf6 18. Qe2 Rg6 19. Nbd2 Qf6 20. Kh1 Rf8 21. Ne5
Bxe5 22. dxe5 Qg5 23. Nf3 Qh6 24. Rf1 Be8 25. Bc3 Rg4 26. Be1 f4 27. Nh2 Rg5
28. exf4 Rh5 29. Ng4 Rxh3+ 30. gxh3 Qxh3+ 31. Nh2 Bh5 32. Qc2 g5 33. Bxh7+ Kh8
34. Qd3 g4 35. Qxh3 gxh3 36. Be4 Rg8 37. Bh4  1-0

[Event "21st 4NCL Congress"]
[Site "Harrogate"]
[Date "2019.01.20"]
[Round "4"]
[Board "15"]
[White "Vickery, Jim E"]
[Black "Bennett, Eric"]
[Result "1/2-1/2"]
[WhiteElo "1965"]
[BlackElo "1845"]
[PlyCount "43"]
[EventDate "2019.01.18"]
[EventRounds "5"]
[EventCountry "ENG"]

1. d4 e6 2. Nf3 c5 3. c3 Nf6 4. Bg5 Qb6 5. Qc2 cxd4 6. Bxf6 gxf6 7. cxd4 Nc6 8.
e3 f5 9. g3 d5 10. Nc3 Bd7 11. Be2 Be7 12. O-O h5 13. Na4 Qa5 14. Nc5 Rb8 15.
a3 Bxc5 16. Qxc5 Qxc5 17. dxc5 e5 18. Bb5 f6 19. Rfd1 Be6 20. b4 Kf7 21. Nh4
Ne7 22. Be2  1/2-1/2